000 00337 a2200109 4500
001 ART_41865
005 20260410162023.0
008 260409a
245 1 0 _aLa tendencia actual a ampliar la legitimación activa
100 1 _aVásquez, María G.
773 0 _tJurisprudencia Argentina
_g- Nº 1 (abr. 2006)
_wREV41622
999 _c33343
_d33343